Sv. Augustin /

Hlavní autor: Bertrand, Louis, 1866-1941
Jazyk: Čeština
Vydáno: Praha : L. Kuncíř, 1929
Edice: Vinice Páně (Ladislav Kuncíř)
Témata:
Fyzický popis: 341 s.
Knihy
Uloženo v:
LEADER 00742nam a22002292a 4500
001 000037710
003 CZ BrMZK
005 20181105122548.0
008 951201s1929 xr f cze d
015 |a cnb000931995 
035 |a (OCoLC)85505465 
040 |a BOA001  |b cze 
100 1 |a Bertrand, Louis,  |d 1866-1941  |7 jn19990000750 
245 1 0 |a Sv. Augustin /  |c Louis Bertrand. 
260 |a Praha :  |b L. Kuncíř,  |c 1929 
300 |a 341 s. 
490 1 |a Vinice Páně ;  |v [sv.] 6 
830 0 |a Vinice Páně (Ladislav Kuncíř)  |0 s 
910 |a BOA001  |b PK-I-0032.938 
964 |a Augustinus Aurelius svatý 354-430 - životopisy 
990 |a BK 
996 7 |b 3119995576  |c PK-I-0032.938  |l MZK  |r Sklad / do 1 hodiny  |n 41  |w 000037710  |u 000010  |a 1  |e BOA001  |j MZK50  |s A